ESSENTIALS OF MEDICAL PHYSIOLOGY (Record no. 8288)

MARC details
000 -LEADER
fixed length control field 00360nam a22001577a 4500
003 - CONTROL NUMBER IDENTIFIER
control field SGT
082 ## - DEWEY DECIMAL CLASSIFICATION NUMBER
Classification number 612
Item number E12S
100 ## - MAIN ENTRY--PERSONAL NAME
Personal name SEMBULINGAM, K. & PREMA
245 ## - TITLE STATEMENT
Title ESSENTIALS OF MEDICAL PHYSIOLOGY
250 ## - EDITION STATEMENT
Edition statement 6TH
260 ## - PUBLICATION, DISTRIBUTION, ETC. (IMPRINT)
Place of publication, distribution, etc DELHI
Name of publisher, distributor, etc JAYPEE BROTHERS
Year of Publication 2012
300 ## - PAGE DESCRIPTION
No. of Pages 1092
650 ## - SUBJECT ADDED ENTRY--TOPICAL TERM
Topical term or geographic name as entry element MEDICAL PHYSIOLOGY
653 ## - KEYWORDS--INDEX TERM
Keyword term PHYSIOLOGY
942 ## - ADDED ENTRY ELEMENTS (KOHA)
Source of classification or shelving scheme Dewey Decimal Classification
Koha item type Books
942 ## - ADDED ENTRY ELEMENTS (KOHA)
-- 30
Holdings
Withdrawn status Lost status Source of classification or shelving scheme Damaged status Not for loan Collection code Home library Current library Shelving location Date acquired Vendor Name Cost, normal purchase price SGTU Bill Number Total Checkouts Full call number Accession No. (Barcode) Date last seen Date last borrowed Bill Date Koha item type Total Renewals
    Dewey Decimal Classification     AYURVEDA SGT FA-FP Library SGT FA-FP Library Text Book 02/03/2016 AHUJA 1195.00 SGTU 6404 35 612 E12S FA2846 31/03/2026 30/03/2026 22/12/2015 Books  
    Dewey Decimal Classification     AYURVEDA SGT FA-FP Library SGT FA-FP Library Text Book 02/03/2016 AHUJA 1195.00 SGTU 6404 49 612 E12S FA2847 30/03/2026 30/03/2026 22/12/2015 Books  
    Dewey Decimal Classification     AYURVEDA SGT FA-FP Library SGT FA-FP Library Text Book 02/03/2016 AHUJA 1195.00 SGTU 6404 41 612 E12S FA2848 10/04/2026 30/03/2026 22/12/2015 Books 2
    Dewey Decimal Classification     AYURVEDA SGT FA-FP Library SGT FA-FP Library Text Book 02/03/2016 AHUJA 1195.00 SGTU 6404   612 E12S FA2849 02/03/2016   22/12/2015 Books  
    Dewey Decimal Classification     AYURVEDA SGT FA-FP Library SGT FA-FP Library Text Book 02/03/2016 AHUJA 1195.00 SGTU 6404 35 612 E12S FA2850 30/03/2026 30/03/2026 22/12/2015 Books